Estatísticas para filmes de A-Z

Clique aqui para jogar o quiz

Estatísticas Gerais

  • Esse quiz foi jogado 227 vezes
  • A pontuação média é 3 de 26

Estatísticas das Respostas

A-Zfilmes% Correto
Ttitanic
44%
Aavatar
36%
Hharry potter
29%
Bbatman
25%
Sstar wars
20%
Vvelozes e furiosos
15%
Oos vingadores
12%
Ffrozen
11%
Ccoraline
10%
Jjogos vorazes
9%
Lla la land
8%
Mmatrix
8%
Rratatouille
7%
Uup-altas aventuras
7%
Kkarate kid
6%
Xx-men
6%
Ddivertidamente
5%
Eencanto
5%
Iinterestellar
5%
Nnáufrago
5%
Ppiratas do caribe
5%
Zzumbilandia
5%
Wwall-e
3%
Yyesterday
3%
Ggrease
2%
Qquarteto fantastico
2%

Distribuição das Pontuações

Percentil de Números Respondidos

Porcentagem de Pessoas com Cada Pontuação

Sua Pontuação Histórica

Você não jogou esse quiz